| 000 | 00623nam a2200241Ia 4500 | ||
|---|---|---|---|
| 003 | OSt | ||
| 005 | 20221007103456.0 | ||
| 006 | a|||||r|||| 00| 0 | ||
| 007 | ta | ||
| 008 | 221006b |||||||| |||| 00| 0 eng d | ||
| 024 | _a13,270 | ||
| 037 | _cTextual | ||
| 040 |
_aLCO _cLCO _beng |
||
| 041 |
_2eng _aeng |
||
| 082 | _aZ(Q2),922, L5 | ||
| 100 | _aJolly Julius | ||
| 245 | 0 | _aHindu Law and Custom | |
| 260 |
_aVaranasi _bBhartiya Publishing House India _c1975 |
||
| 300 | _a341+vii | ||
| 650 |
_aCUSTOM _9705144 |
||
| 942 |
_hZ(Q2),922, L5 _cTEXL |
||
| 999 |
_c1182833 _d1182833 |
||